000 00530nam a2200181 i 4500
001 135682
003 ES-MaACL
005 20250323063043.0
007 t|
008 070730s1976 sp ||||1| spa d
100 1 _aTorrente Ballester, Gonzalo,
_d1910-1999
_9110850
245 1 0 _aNuevos cuadernos de La Romana /
_cGonzalo Torrente Ballester.
250 _a[1ยช ed.].
260 _a[Barcelona] :
_bDestino,
_c[1976]
300 _a291 p. ;
_c19 cm.
852 _aES-MaACL
_jA-7671
_bR.96381
999 _c135682
_d135682